00318nam a2200133Ia 4500008004100000041000800041082001700049100001300066245003500079260003300114300000800147365001600155700001300171230718s9999 xx 000 0 und d aeng a671.5'2bDAW aDawes C. aLaser WeldingbPractical Guide c1994bJaico Publishing House a258 cRs.b400.00 aDawes C.